| 000 | 01562nam a2200373 a 4500 | ||
|---|---|---|---|
| 001 | ebr10674729 | ||
| 003 | CaPaEBR | ||
| 006 | m u | ||
| 007 | cr cn||||||||| | ||
| 008 | 130327s2013 enk sb 001 0deng d | ||
| 020 | _z9781780490977 | ||
| 020 | _z9781782410614 (e-book) | ||
| 040 |
_aCaPaEBR _cCaPaEBR |
||
| 035 | _a(OCoLC)841169888 | ||
| 050 | 1 | 4 |
_aRC531 _b.O54 2013eb |
| 245 | 0 | 0 |
_aOn Freud's "Inhibitions, symptoms and anxiety" _h[electronic resource] / _cedited by Samuel Arbiser & Jorge Schneider ; series editor Gennaro Saragnano. |
| 260 |
_aLondon : _bKarnac Books, _c2013. |
||
| 300 | _axiii, 266 p. | ||
| 490 | 1 | _aContemporary Freud : turning points and critical issues | |
| 504 | _aIncludes bibliographical references and index. | ||
| 505 | 0 | _apt. 1. "Inhibitions, symptoms and anxiety (1926d) -- pt. 2. Discussion of "Inhabitions, symptoms and anxiety". | |
| 533 |
_aElectronic reproduction. _bPalo Alto, Calif. : _cebrary, _d2013. _nAvailable via World Wide Web. _nAccess may be limited to ebrary affiliated libraries. |
||
| 600 | 1 | 0 |
_aFreud, Sigmund, _d1856-1939. _tHemmung, Symptom und Angst. _lEnglish. |
| 650 | 0 | _aAnxiety. | |
| 650 | 0 | _aNeuroses. | |
| 650 | 0 | _aPsychoanalysis. | |
| 655 | 7 |
_aElectronic books. _2local |
|
| 700 | 1 | _aArbiser, Samuel. | |
| 700 | 1 | _aSchneider, Jorge. | |
| 700 | 1 | _aSaragnano, Gennaro. | |
| 710 | 2 | _aebrary, Inc. | |
| 830 | 0 | _aContemporary Freud. | |
| 856 | 4 | 0 |
_uhttp://site.ebrary.com/lib/rucke/Doc?id=10674729 _zAn electronic book accessible through the World Wide Web; click to view |
| 999 |
_c57217 _d57217 |
||